Nickelodeon Villains Quiz Stats

 Plays Quiz not verified by Sporcle

Challenge
Share
Tweet
Embed
Score 0/20 Timer 10:00
0 Plays Today
Show Villain % Correct
Spongebob SquarepantsPlankton
94.3%
The Fairly OddParentsVicky
75.3%
TUFF PuppySnaptrap
47.1%
The Penguins of MadagascarDr. Blowhole
45.4%
Fanboy and Chum ChumKyle
39.7%
Planet SheenDorkus
36.8%
DougRoger
35.6%
The Fairly Odd Parents Mr. Kroker
30.8%
Rocko's Modern LifeEd Bighead
30.5%
Danny PhantomVlad Plasmius
29.9%
Show Villain % Correct
CatDogRancid Rabbit
28.2%
AvatarAzula
28.2%
Jimmy NeutronPro. Calamitous
21.3%
El TigreSartana of the Dead
20.7%
Sanjay and Craig Leslie Noodman
20.7%
ChalkZoneSkrawl
19.5%
The X'sGlowface
17.8%
AvatarPrince Zuko
16.8%
AvatarThe Emperor
13.1%
Life as a Teenage RobotArmageddroid
8.6%

You're not logged in!

Compare scores with friends on all Sporcle quizzes.
Join for Free
OR
Log In

You Might Also Like...

Show Comments

Extras

Created Jan 2, 2012ReportNominate
Tags:Show Quiz, Nickelodeon, villains

Top Quizzes Today


Score Distribution

Your Account Isn't Verified!

In order to create a playlist on Sporcle, you need to verify the email address you used during registration. Go to your Sporcle Settings to finish the process.

Report this User

Report this user for behavior that violates our Community Guidelines.

Details: